Score 0/171 Timer 15:00
0 Plays Today
Season Player % Correct
2002/03John Terry
95.9%
2004/05John Terry
95.9%
2005/06John Terry
95.9%
2011/12John Terry
95.9%
2012/13John Terry
95.9%
2014/15John Terry
95.9%
2009/10Ashley Cole
91.8%
2005/06Rio Ferdinand
89.2%
2006/07Leighton Baines
89.2%
2010/11Leighton Baines
89.2%
2011/12Leighton Baines
89.2%
2012/13Leighton Baines
89.2%
2013/14Leighton Baines
89.2%
2009/10Gary Cahill
88.7%
2010/11Gary Cahill
88.7%
2011/12Gary Cahill
88.7%
2016/17Gary Cahill
88.7%
2006/07Nemanja Vidic
87.1%
2008/09Nemanja Vidic
87.1%
2010/11Nemanja Vidic
87.1%
2016/17Marcos Alonso
80.4%
2006/07Phil Jagielka
79.4%
2011/12Vincent Kompany
79.4%
2013/14Vincent Kompany
79.4%
2014/15Phil Jagielka
79.4%
2014/15Chris Smalling
73.7%
2014/15Laurent Koscielny
73.2%
2015/16Laurent Koscielny
73.2%
2010/11Seamus Coleman
72.7%
2013/14Seamus Coleman
72.7%
2014/15Seamus Coleman
72.7%
2016/17Seamus Coleman
72.7%
2012/13Patrice Evra
71.6%
2010/11Branislav Ivanovic
70.6%
2011/12Branislav Ivanovic
70.6%
2012/13Branislav Ivanovic
70.6%
2013/14Branislav Ivanovic
70.6%
2014/15Branislav Ivanovic
70.6%
2001/02John Arne Riise
68.6%
2002/03John Arne Riise
68.6%
2004/05John Arne Riise
68.6%
2000/01Stephen Carr
65.5%
2014/15Danny Rose
65.5%
2001/02Sami Hyypia
64.4%
2002/03Sami Hyypia
64.4%
2003/04Sami Hyypia
64.4%
2005/06Ledley King
63.9%
2012/13Jan Vertonghen
63.9%
2000/01Ian Harte
62.9%
2001/02Ian Harte
62.9%
2002/03Ian Harte
62.9%
2008/09Ryan Shawcross
62.9%
2012/13Johnny Evans
61.9%
2014/15Craig Dawson
61.9%
2015/16Craig Dawson
61.9%
2016/17Craig Dawson
61.9%
2003/04Glen Johnson
61.3%
Season Player % Correct
2008/09Glen Johnson
61.3%
2013/14Martin Skrtel
60.8%
2005/06Richard Dunne
59.3%
2006/07John O'Shea
58.2%
2013/14Per Mertesacker
57.2%
2002/03William Gallas
56.7%
2005/06William Gallas
56.7%
2006/07William Gallas
56.7%
2007/08William Gallas
56.7%
2009/10Thomas Vermaelen
56.2%
2011/12Thomas Vermaelen
56.2%
2015/16Scott Dann
55.2%
2016/17Scott Dann
55.2%
2006/07Ricardo Carvalho
53.6%
2015/16Toby Alderweireld
53.6%
2012/13Gareth McAuley
53.1%
2016/17Gareth McAuley
53.1%
2009/10Luis Antonio Valencia
52.6%
2010/11Robert Huth
52.6%
2011/12Luis Antonio Valencia
52.6%
2015/16Aleksandar Kolarov
51.5%
2006/07Kolo Toure
51%
2007/08Joleon Lescott
50.5%
2008/09Joleon Lescott
50.5%
2010/11Joleon Lescott
50.5%
2008/09Steven Taylor
46.9%
2012/13Rafael da Silva
46.9%
2005/06Curtis Davies
46.4%
2013/14Ben Davies
46.4%
2015/16Virgil van Dijk
46.4%
2015/16Patrick van Aanholt
45.4%
2016/17Patrick van Aanholt
45.4%
2010/11Brede Hangeland
42.8%
2000/01David Unsworth
42.3%
2001/02David Unsworth
42.3%
2002/03David Unsworth
42.3%
2003/04David Unsworth
42.3%
2013/14Jose Fonte
40.2%
2014/15Ryan Bertrand
38.7%
2016/17Charlie Daniels
38.1%
2015/16Steve Cook
37.6%
2016/17James Tomkins
37.6%
2001/02Dean Richards
35.6%
2009/10Christopher Samba
29.4%
2010/11Christopher Samba
29.4%
2011/12Stephen Ward
28.9%
2016/17Alfie Mawson
28.9%
2012/13Angel Rangel
27.8%
2015/16Ramiro Funes Mori
26.3%
2004/05Olof Mellberg
25.3%
2000/01Ugo Ehiogu
24.7%
2002/03Ugo Ehiogu
24.7%
2003/04Ivan Campo
24.7%
2006/07Ivan Campo
24.7%
2008/09Emmanuel Eboue
23.7%
2013/14Steven Caulker
23.2%
2007/08Philippe Senderos
22.2%
Season Player % Correct
2009/10Graham Alexander
21.6%
2007/08Martin Laursen
20.6%
2001/02Steve Watson
20.1%
2002/03Steve Watson
20.1%
2003/04Steve Watson
20.1%
2015/16Russell Martin
20.1%
2001/02David Weir
19.6%
2011/12Gary Caldwell
19.6%
2011/12Emmerson Boyce
19.1%
2012/13Emmerson Boyce
19.1%
2000/01Markus Babbel
17.5%
2003/04Markus Babbel
17.5%
2007/08Younes Kaboul
17.5%
2009/10Younes Kaboul
17.5%
2008/09Stephen Warnock
15.5%
2009/10Ryan Nelsen
13.9%
2013/14Geoff Cameron
13.9%
2001/02Christian Ziege
12.9%
2007/08Hermann Hreidarsson
12.4%
2002/03Paul Konchesky
11.9%
2005/06Liam Ridgewell
11.9%
2010/11Liam Ridgewell
11.9%
2004/05Arjan de Zeeuw
11.3%
2005/06Paul Scharner
11.3%
2007/08Paul Scharner
11.3%
2009/10Jody Craddock
11.3%
2009/10Paul Scharner
11.3%
2000/01Michael Ball
10.8%
2008/09Michael Turner
10.8%
2007/08David Wheater
9.8%
2001/02Nikos Dabizas
8.8%
2004/05Franck Queudrue
8.8%
2005/06Franck Queudrue
8.8%
2000/01Chris Riggott
8.2%
2000/01Dan Petrescu
8.2%
2003/04Bruno N'Gotty
8.2%
2004/05Radhi Jaidi
8.2%
2005/06Radhi Jaidi
8.2%
2004/05Fitz Hall
7.7%
2008/09Juliano Belletti
7.7%
2008/09Gretar Steinsson
7.2%
2001/02Oliver Bernard
6.7%
2000/01Steve Howey
6.2%
2006/07Carlos Bocanegra
6.2%
2003/04Michael Duberry
5.7%
2003/04Dejan Stefanovic
5.7%
2002/03Neil Clement
5.2%
2004/05Neil Clement
5.2%
2004/05Talal El Karkouri
4.6%
2006/07Talal El Karkouri
4.6%
2007/08Danny Higginbotham
4.6%
2014/15James Chester
4.6%
4.6%
2000/01Alf-Inge Haaland
2.1%
2007/08Andre Bikey-Amougou
2.1%
2004/05Danny Granville
1%
2003/04Lorenzo Amoruso
0.5%

You're not logged in!

Compare scores with friends on all Sporcle quizzes.
OR
Log In

Sporcle TV

Today on Sporcle TV


Watch our educational content, quiz creation guides, and fun videos on Sporcle TV.

Show Comments

Extras

Top Quizzes Today


Score Distribution

Paid Content

Your Account Isn't Verified!

In order to create a playlist on Sporcle, you need to verify the email address you used during registration. Go to your Sporcle Settings to finish the process.

Report this User

Report this user for behavior that violates our Community Guidelines.

Details: